| 000 | 00922nam a2200253Ia 4500 | ||
|---|---|---|---|
| 003 | OSt | ||
| 005 | 20200922134353.0 | ||
| 008 | 191128s1991 deu gr 000 0 spa d | ||
| 020 | _a201629356 | ||
| 040 |
_aCO-JMCR _cCO-JMCR |
||
| 041 | 0 | _aspa | |
| 082 | 0 | 4 |
_a515.63 / _bM364c _223 |
| 100 | 1 |
_aMarsden, Jerrold E., _eautor _910654 |
|
| 245 | 1 | 0 |
_aCálculo vectorial / _cJerrold E. Marsden ; Anthony J. Tromba |
| 250 | _atercera edición | ||
| 260 |
_aWilmington : _bAddison-Wesley Iberoamericana, _c1991. |
||
| 300 |
_a655 páginas ; _c23 cm. |
||
| 505 | 0 | _aPrefacio -- la geometría del espacio euclidiano -- vectores en el espacio tridimensional -- el producto interno -- el producto cruz -- coordenadas esféricas cilíndricas. | |
| 650 | 2 | 4 |
_aAnálisis vectorial _910655 |
| 650 | 2 | 4 |
_aAnálisis de vectores _910656 |
| 650 | 2 | 4 |
_aCálculo _910657 |
| 700 | 1 |
_aTromba, Anthony J., _eautor _910658 |
|
| 942 |
_2ddc _cBK |
||
| 999 |
_c3334 _d3334 |
||